Biologie allergen-spezifischer Plasmazellen in einem Mausmodell f©ơr allergisches Asthma / (Record no. 15928)
[ view plain ]
| 000 -LEADER | |
|---|---|
| fixed length control field | 00393nam a2200133Mu 4500 |
| 040 ## - CATALOGING SOURCE | |
| Transcribing agency | DEBSZ |
| 082 ## - DEWEY DECIMAL CLASSIFICATION NUMBER | |
| Classification number | 571 SN 2010 A081 Or. |
| 100 1# - MAIN ENTRY--AUTHOR NAME | |
| Personal name | Fokuhl, Verena |
| 245 10 - TITLE STATEMENT | |
| Title | Biologie allergen-spezifischer Plasmazellen in einem Mausmodell f©ơr allergisches Asthma / |
| 260 ## - PUBLICATION, DISTRIBUTION, ETC. (IMPRINT) | |
| Place of publication | [S.l. : |
| Name of publisher | s.n.], |
| Year of publication | 2010 |
| 300 ## - PHYSICAL DESCRIPTION | |
| Number of Pages | 68 S. : |
| Other physical details | graph. Darst |
| 710 2# - ADDED ENTRY--CORPORATE NAME | |
| Corporate name or jurisdiction name as entry element | Freie Universit©Þt Berlin |
| 942 ## - ADDED ENTRY ELEMENTS (KOHA) | |
| Koha item type | សៀវភៅភាសាអង់គ្លេស |
| 952 ## - LOCATION AND ITEM INFORMATION (KOHA) | |
| Withdrawn status [LOCAL, KOHA] | 0 |
| Permanent Location | Date acquired | Koha item type | Lost status | Shelving location | Barcode | Current Location | Full call number |
|---|---|---|---|---|---|---|---|
| Library Block A | 2017-12-18 | សៀវភៅភាសាអង់គ្លេស | A081 | A10335 | Library Block A | 571 SN 2010 A081 Or. |